000
00245nam a2200109Ia 4500
005
20260328101454.0
008
260328s9999||||xx |||||||||||||| ||und||
245
0
_a
LucePlan :
_b
Catalogue /
300
_a
404 p.
650
_a
CATÁLOGOS
942
_c
BK
999
_c
8761
_d
8761